Finančné podvody na bankomatoch

Zneužívanie platobných kariet. Spôsoby, ako môžu podvodníci získať osobné údaje o klientoch a ich osobných účtoch prostredníctvom bankomatov. Podvody s platobnými kartami a bankomatmi sú stále distribuovanejšie.

Gespeichert in:
Bibliographische Detailangaben
1. Verfasser: Korauš, Antonín
Format: Buchkapitel
Sprache:Slowakisch
Schlagworte:
Tags: Tag hinzufügen
Keine Tags, Fügen Sie das erste Tag hinzu!

MARC

LEADER 00000naa a2200000 4500
001 0126866
005 20240502083320.9
041 0 |a slo 
044 |a CZ 
245 1 0 |a Finančné podvody na bankomatoch  |c Anton Korauš 
520 |a Zneužívanie platobných kariet. Spôsoby, ako môžu podvodníci získať osobné údaje o klientoch a ich osobných účtoch prostredníctvom bankomatov. Podvody s platobnými kartami a bankomatmi sú stále distribuovanejšie. 
610 2 0 |a bankovníctvo elektronické 
610 2 0 |a podvody 
610 2 0 |a karty platobné 
610 2 0 |a bankomaty 
610 2 0 |a činnosť trestná 
100 1 |a Korauš, Antonín